000 00538cam a2200169 4500
001 ##L132839
008 #DATE n1971 000 0 eng u
035 _a(Sirsi) u132839
041 0 _aeng
050 0 4 _a333.0062 $2 18
110 2 _aRoyal Institution of Chartered Surveyors
_94900
245 0 0 _aConstitution and rules of procedure of the junior organisation
260 _aLondon
_bRICS
_c1971
300 _a19p. $2 2cm.
690 _aABOUT RICS-RICS STRUCTURE AND GOVERNANCE-RICS REGULATIONS-RICS CONDUCT REGULATIONS
942 _n0
999 _c105257
_d105257